000 00802nam a2200241 a 4500
005 20250405063826.0
008 991125s1982 es 000 0 spa u
020 _a8424405099
035 _aUPN01000027164
049 _aCG
050 4 _aLC4001
_bP76 no.2
100 1 _aBender, Michael,
_d1943-
_932079
245 1 0 _aHabilidades motoras /
_cMichael Bender, Peter J. Valletutti ; tr. Josep Lluis Ortega.
260 _aBarcelona [Esp.] :
_bFontanella,
_c1982.
300 _a332 p. :
_bil.
440 0 _aProgramas para la enseƱanza del deficiente mental ;
_v2
440 0 _aBreviarios de conducta humana ;
_v25
650 4 _aEducación especial
_93029
650 2 _aDeficiencia mental
_910638
650 2 _aDesarrollo motor
_95460
700 1 _aValletutti, Peter J.,
_ecoaut.
_932080
905 _aLibro
999 _c27164
_d27164